A carregar...

Annual Report 2018

Detalhes bibliográficos
Outros Autores: JAPAN INTERNATIONAL RESEARCH CENTER FOR AGRICULTURAL SCIENCES (JIRCAS)
Formato: Report
Publicado em: JAPAN JIRCAS 2019
Assuntos:
LEADER 00507nam a22001577a 4500
003 OSt
999 |c 194791  |d 194791 
082 |a JIRCAS  |b AR 2018-19 
245 |a Annual Report 2018  
260 |a JAPAN  |b JIRCAS  |c 2019 
300 |a 90p 
546 |a English 
650 |a Annual report 
700 |a JAPAN INTERNATIONAL RESEARCH CENTER FOR AGRICULTURAL SCIENCES (JIRCAS) 
942 |2 ddc  |c REP 
952 |0 0  |1 0  |2 ddc  |4 0  |6 JIRCAS_AR_201819  |7 0  |8 Gen  |9 202080  |a KAUCLV  |b KAUCLV  |c TECH  |d 2020-09-15  |o JIRCAS/AR 2018-19  |p 811052  |r 2020-09-15  |y REP